[Event "Manresa op 31st"]
[Site "Manresa"]
[Date "2014.10.04"]
[Round "3"]
[White "Masdemont Serra, Nuria"]
[Black "Gabarro Servitja, Adria"]
[Result "0-1"]
[WhiteElo "1772"]
[BlackElo "1700"]
[PlyCount "46"]
[EventDate "2014.09.20"]
[EventType "swiss"]
[EventRounds "8"]
[EventCountry "ESP"]
[SourceTitle "EXT 2016"]
[Source "ChessBase"]
[SourceDate "2015.10.08"]
[SourceVersion "1"]
[SourceVersionDate "2015.10.08"]
[SourceQuality "1"]

1. e4 e5 2. Nf3 Nc6 3. Bc4 Bc5 4. 0-0 Nf6 5. d3 d6 6. h3 h6 7. Nc3 0-0 8. Be3 Bb6 9. Nd5 Be6 10. Nxf6+ Qxf6 11. Bb5 Nd4 12. Bxd4 Bxd4 13. Qd2 Bxb2 14. Rab1 Bd4 15. Rb4 Bxa2 16. Nxd4 exd4 17. c3 c5 18. Rc4 Bxc4 19. dxc4 dxc3 20. Qc2 a6 21. Bd7 Rad8 22. Qa4 Qd4 23. Re1 Qd2 0-1